|
|
|
|
| LEADER |
00000nam0a2200000 4500 |
| 001 |
321711 |
| 005 |
20231102003413.0 |
| 035 |
|
|
|a (RuTPU)RU\TPU\book\347267
|
| 090 |
|
|
|a 321711
|
| 100 |
|
|
|a 20160903d1954 m y0rusy50 ca
|
| 101 |
0 |
|
|a rus
|
| 102 |
|
|
|a RU
|
| 105 |
|
|
|a a j 001zy
|
| 200 |
1 |
|
|a Почвоведение
|e учебник для вузов
|f Д. Г. Виленский
|
| 205 |
|
|
|a 2-е изд., перераб. и доп.
|
| 210 |
|
|
|a Москва
|c Учпедгиз
|d 1954
|
| 215 |
|
|
|a 456 с.
|c ил.
|
| 320 |
|
|
|a Библиогр.: с. 437-443
|
| 320 |
|
|
|9 572
|a Предм. указ.: с. 444-452
|
| 606 |
1 |
|
|a Почвоведение
|2 stltpush
|3 (RuTPU)RU\TPU\subj\71851
|9 85566
|
| 610 |
1 |
|
|a учебники
|
| 610 |
1 |
|
|a история
|
| 610 |
1 |
|
|a минеральный состав
|
| 610 |
1 |
|
|a организмы
|
| 610 |
1 |
|
|a строение
|
| 610 |
1 |
|
|a перегной
|
| 610 |
1 |
|
|a структура
|
| 610 |
1 |
|
|a тепловой режим
|
| 610 |
1 |
|
|a вода
|
| 610 |
1 |
|
|a классификация
|
| 610 |
1 |
|
|a плодородие
|
| 610 |
1 |
|
|a страны мира
|
| 675 |
|
|
|a 631.4(075.8)
|v 4
|
| 700 |
|
1 |
|a Виленский
|b Д. Г.
|
| 801 |
|
1 |
|a RU
|b 63413507
|c 20160903
|
| 801 |
|
2 |
|a RU
|b 63413507
|c 20200325
|g RCR
|
| 942 |
|
|
|c BK
|